000 00409nam a2200157Ia 4500
008 100122s9999 xx 000 0 und d
082 _b77090
_a150
100 _aपाटील विजया
245 _aसेकंद सेकंद
250 _a3
260 _c2007
300 _a153
630 _aसेकंद सेकंद
730 _aसेकंद सेकंद
942 _cBOOK
999 _c394048
_d394045